ห้องสมุด วิทยาลัยพยาบาลบรมราชชนนี อุดรธานี Boromarajonani College of Nursing, Udonthani
mysqli: Table './ulib2015/stat_globaluid' is marked as crashed and last (automatic?) repair failed select id from stat_globaluid where statuid='20260418032053_3380' mysqli: Table './ulib2015/stat_globaluid' is marked as crashed and last (automatic?) repair failed DELETE FROM stat_globaluid
WHERE id NOT IN (
SELECT id
FROM (
SELECT id
FROM stat_globaluid
ORDER BY id DESC
LIMIT 100
) foo
); mysqli: Table './ulib2015/stat_globaluid' is marked as crashed and last (automatic?) repair failed insert into stat_globaluid set
statuid='20260418032053_3380',
dt='1776457253',
phpself='/ULIB/dublinfull.php',
agent='Mozilla/5.0 AppleWebKit/537.36 (KHTML, like Gecko; compatible; ClaudeBot/1.0; +claudebot@anthropic.com)',
yea='2026',
mon='4',
dat='18',
ip='216.73.216.55'
LEADER 00000nam 2200000 a 4500
001 13399120483
003 ULIBM
008 151013s2553 th a 000 0 tha d
020 ^a9786167174396
050 4 ^aBQ942^bน326 2553
245 ^a ^a1111^bหลวงตาพระมหาบัว ญาณสัมปันโน /
246 14 ^aสู้ไม่ถอย :^bประวัติคติธรรมองค์หลวงตาพระมหาบัว ญาณสัมปันโนวัดป่าบ้านตาด อำเภอเมือง จังหวัดอุดรธานี
250 ^aพิมพ์ครั้งที่ 1
300 ^a336 หน้า :^bภาพประกอบ
600 07 ^aพระมหาบัว ญาณสัมปันโน,^d2456-2554^xประวัติ
945 ^p0^l0^i39289
999 ^aพรปวีณ์
คุณยังไม่ได้ล็อกอิน คุณสามารถมีกิจกรรมร่วมกับเว็บไซต์ได้ แต่ต้องล็อกอินก่อน ::
ลำดับที่
ประเภท
เลขเรียก /บาร์โค้ด
สถานที่
สถานะ
1.
หนังสือภาษาไทย BQ942 น326 2553 Barcode: 39289 หนังสือทั่วไป On Shelf [แสดง 1/1 รายการ]
mysqli: Can't create/write to file '/var/tmp/#sql_59d_0.MAI' (Errcode: 2) select * from index_db where titl like '%สู้ไม่ถอย : หลวงตาพระมหาบัว ญาณสัมปันโน / [คณะศิษยานุศิษย์วัดป่าบ้านตาด]%' and mid<>'13399120483' order by rand() limit 3
ยังไม่เคยถูกคอมเมนท์
คอมเมนท์ทรัพยากรรายการนี้
JavaScript must be enabled in order for you to use Google Maps.
However, it seems JavaScript is either disabled or not supported by your browser.
To view Google Maps, enable JavaScript by changing your browser options, and then
try again.